000 00536nam a2200193Ia 4500
005 20250423095002.0
008 250422s9999 xx 000 0 und d
020 _a9780132576277
050 _aQA 76.73 .J38 W448/
100 _aWeiss, Mark Allen
245 0 _aData structures & algorithm analysis in Java
250 _a3rd ed.
260 _aBoston
260 _bPearson
260 _c2012
300 _a14 p
650 _aJava (Computer program language) Data structures (Computer science) Computer algorithms.
942 _cBK
999 _c28895
_d28895